Les arrêts du bus 21 RATP (Paris) - Statistiques

Statistiques générales
  • Ce quiz a été pris 8 fois
  • Le résultat moyen est 30 sur 46
Statistiques - réponses
Numéro Arrêt % Correct
5 Davy
100%
31 Saint-Michel - Saint-Germain
100%
46 Stade Charléty - Porte de Gentilly
100%
28 Châtelet
86%
41 Daviel
86%
42 Glacière - Tolbiac
86%
32 Les Ecoles
86%
33 Luxembourg
86%
2 Porte de Saint-Ouen
86%
17 Auber
71%
30 Cité - Palais de Justice
71%
45 Cité Universitaire
71%
35 Feuillantines
71%
7 Ganneron
71%
38 Glacière - Arago
71%
40 Glacière - Auguste Blanqui
71%
4 Guy Môquet
71%
15 Havre - Haussmann
71%
6 La Fourche
71%
9 Liège
71%
18 Opéra
71%
22 Palais Royal - Comédie Française
71%
23 Palais Royal - Musée du Louvre
71%
20 Petits Champs - Danielle Casanova
71%
8 Place de Clichy
71%
44 Amiral Mouchez - Charbonnel
57%
36 Berthollet - Vauquelin
57%
10 Bucarest
57%
13 Gare Saint-Lazare - Budapest
57%
14 Gare Saint-Lazare - Havre
57%
16 Haussmann - Mogador
57%
25 Louvre - Rivoli
57%
3 Navier
57%
19 Opéra - 4 Septembre
57%
43 Parc Montsouris
57%
1 Porte de Saint-Ouen - Hôpital Bichat
57%
37 Port-Royal - Berthollet
57%
21 Pyramides
57%
12 Trinité
57%
11 Europe
43%
39 Glacière - Nordmann
43%
27 Pont Neuf - Quai du Louvre
43%
34 Saint-Jacques - Gay Lussac
43%
29 Rivoli - Châtelet
29%
26 Rivoli - Pont Neuf
29%
24 Saint-Honoré - Valois
29%
Aucun quiz correspondant
Distribution des résultats
% des personnes avec chaque résultat
Percentile par nombre de réponses
Votre historique - résultats
Vous n’avez pas pris ce quiz